| 000 | 00936nam a2200313 i 4500 | ||
|---|---|---|---|
| 001 | C2-0169386 | ||
| 003 | PPAK | ||
| 005 | 20240610121813.0 | ||
| 008 | 980726t19901990my f 1 may d | ||
| 020 |
_a9836215344 _cRM10.00 (Hadiah) _qpaperback |
||
| 040 |
_aPPAK _beng _cPPAK _erda |
||
| 082 | 0 | 4 |
_a297.1975 _223 |
| 090 | 0 | 0 |
_a297.1975 _bISM _dKIH |
| 090 | 2 | 0 |
_a297.1975 _bISM _dKSA |
| 090 | 2 | 0 |
_a297.1975 _bISM _dKHB |
| 100 | 0 |
_aIsmail Hamid, _eauthor |
|
| 245 | 1 | 0 |
_aASAS KESUSASTERAAN ISLAM / _cISMAIL HAMID |
| 264 | 1 |
_aKuala Lumpur : _bDewan Bahasa dan Pustaka , _c1990 |
|
| 264 | 4 | _c©1990 | |
| 300 |
_aviii, 137 pages ; _c21 cm |
||
| 336 |
_2rdacontent _atext |
||
| 337 |
_2rdamedia _aunmediated |
||
| 338 |
_2rdacarrier _avolume |
||
| 500 | _aIncludes index | ||
| 504 | _aBibliography: pages 125-128 | ||
| 650 | 1 | 0 | _aIslamic literature |
| 650 | 2 | 0 | _aIslam and literature |
| 942 |
_cB _2ddc |
||
| 999 |
_c153373 _d153373 |
||